000
00172nam a22000857a 4500
082
_a
823
100
_a
RAJ VISWANANDE
245
_a
CHOTTA BHEEM IN USO AT DHOLAKPUR
942
_c
BK
999
_c
8401
_d
8401